LEADER 01150nam0-2200373---450- 001 990008862130403321 005 20091120112055.0 010 $a88-386-6196-0 035 $a000886213 035 $aFED01000886213 035 $a(Aleph)000886213FED01 035 $a000886213 100 $a20090604d2006----km-y0itay50------ba 101 1 $aita$ceng 102 $aIT 105 $aaf------001yy 200 1 $aEvoluzione$ela storia della vita e i suoi meccanismi$fMark Ridley$gedizione italiana a cura di Marco Ferraguti ; traduzione di Isabella C. Blum 210 $aMilano [etc.]$cMcGraw Hill$d©2006 215 $aXXIV, 701 p., VIII p. di tav.$cill.$d26 cm 454 0$1001000148818$12001$aEvolution$1210$cOxford [England]$d1997$957567 610 0 $aEvoluzione 676 $a576.8 702 1$aRidley,$bMark 702 1$aFerraguti,$bMarco 702 1$aBlum,$bIsabella 801 0$aIT$bUNINA$gRICA$2UNIMARC 901 $aBK 912 $a990008862130403321 952 $a576.8-RID-1$b5646$fSC1 952 $a576.8-RID-1A$b5654$fSC1 952 $a576.8-RID-1B$b5655$fSC1 959 $aSC1 996 $aEvolution$957567 997 $aUNINA LEADER 01100nam a22002773i 4500 001 991000359179707536 005 20040819143056.0 008 040920s1997 it ita 020 $a8846402294 035 $ab13209632-39ule_inst 035 $aARCHE-115587$9ExL 040 $aSet. Economia$bita$cA.t.i. Arché s.c.r.l. Pandora Sicilia s.r.l. 082 04$a658.5620 100 1 $aPrivitera, Stefano$0340509 245 13$aLa qualità condivisa :$bcome sopravvivere a ISO 9000 e gestire con successo un progetto software /$cStefano Privitera 260 $aMilano :$bAngeli,$cc1997 300 $a124 p. ;$c23 cm 490 $aSkill ;$v14 650 4$aControllo di qualità$xStandardizzazione 650 4$aAziende di software$xServizi$xControllo di qualità 907 $a.b13209632$b23-09-19$c23-09-04 912 $a991000359179707536 945 $aLE025 ECO 658.5 PRI01.01$g1$i2025000180857$lle025$nCatalogato 2019$o-$pE0.00$q-$rl$s- $t0$u0$v0$w0$x0$y.i13864683$z23-09-04 996 $aQualità condivisa$9331245 997 $aUNISALENTO 998 $ale025$b23-09-04$cm$da $e-$fita$git $h3$i1